Responses for Show #2606 - Monday, December 25, 1995

1995-B Seniors Tournament semifinal game 1.

Contestants

[<< previous game]

Graham Beard, a retired Army doctor from Washington, D.C.

Ange Cardinali, a real estate salesman from Kenosha, Wisconsin

Phyllis Clark, a program coordinator from West Grove, Pennsylvania

[next game >>]

Jeopardy! Round responses

ASTRONOMY
ETIQUETTE
SOUTHERN ENGLISH
MUSIC
FILMS OF THE '50s
WORLD FACTS
    $100 7
Halley's Comet

Ange
    $100 18
money

Ange
    $100 10
the Civil War

Ange
    $100 26
(Graham: What is the... I'm sorry.)

the treble clef

PhyllisGraham
    $100 1
Mickey Rooney

Ange
    $100 6
Australia

Phyllis
    $200 17
(Ange: What is Jupiter?)

Saturn

AngeGraham
    $200 19
a christening

Ange
    $200 13
Scarlett O'Hara

Phyllis
    $200 27
Pope Gregory

Graham
    $200 2
Barbara Stanwyck

Ange
    $200 8
Ottawa

Phyllis
    $300 23
Mars

Graham
    $300 20
shrimp cocktail

Phyllis
    $300 14
a foot

Phyllis
    $300 28
chords

Phyllis
    $300 3
Paul Newman

Ange
    $300 9
Cambodia

Graham
    $400 24
a solar eclipse

Phyllis
    $400 21
a calling card

Phyllis
    $400 15
New Orleans

Phyllis
    $400 29
crescendo

Ange
    $400 4
Blackboard Jungle

Ange
    $1,200 11
the Mediterranean Sea

Ange
    $500 25
(Graham: What are novae?)

quasars

Graham
Triple Stumper
    $500 22
mantilla

Graham
    $500 16
jack

Ange
    $500 30
(Phyllis: What is a clarinet?)

the saxophone

Phyllis
Triple Stumper
    $500 5
Forbidden Planet

Triple Stumper
    $500 12
(Ange: What is Hispaniola?)

Santo Domingo

AngeGraham

Scores at the first commercial break (after clue 15):

Phyllis Ange Graham
$1,200 $1,900 $800

Scores at the end of the Jeopardy! Round:

Phyllis Ange Graham
$2,200 $2,900 $1,400

Double Jeopardy! Round responses

SHAKESPEARE
FAMOUS NAMES
GOVERNMENT & POLITICS
THE MIDDLE AGES
TEXTILES
THE NATIONAL GALLERY OF ART
    $200 16
Lady Macbeth

Phyllis
    $200 11
Larry Bird

Phyllis
    $200 6
October

Phyllis
    $200 21
(Alex: We have about a minute left.)

denim

Ange
    $200 1
Adam and Eve

Ange
    $400 17
Canterbury

Ange
    $400 12
Eleanor Roosevelt

Graham
    $400 7
Chairman of the Joint Chiefs of Staff

Graham
    $400 22
Jersey

Phyllis
    $400 2
da Vinci

Ange
    $600 18
Midsummer Night's Dream

Phyllis
    $600 13
Johann Sebastian Bach

Phyllis
    $1,000 8
Health and Human Services

Graham
    $600 27
the Hanseatic League

Graham
    $600 28
[The end-of-round signal sounds.]

mohair

Phyllis
    $600 3
(John Singer) Sargent

Graham
    $800 19
Hamlet

Graham
    $800 14
(Herman) Wouk

Ange
    $800 9
Florida

Ange
    $800 25
Constantinople

Phyllis
    $800 23
nylon

Phyllis
    $1,500 4
(Auguste) Rodin

Graham
    $1000 20
(Phyllis: Who is Viola?)

Rosalind

Phyllis
Triple Stumper
    $1000 15
(Graham: Who is Oliphant?)
(Ange: Who is Maudlin?)
...
(Alex: [*], not Maudlin.)

Bill Mauldin

PhyllisAngeGraham
    $1000 10
Washington

Phyllis
    $1000 26
Domesday Book (Domesday Survey accepted)

Ange
    $1000 24
mercerize

Phyllis
    $1000 5
Oedipus

Triple Stumper

Scores at the end of the Double Jeopardy! Round:

Phyllis Ange Graham
$8,600 $5,700 $5,700

[wagering suggestions for these scores]

Final Jeopardy! Round responses

ARCHITECTS
(Alex: Where Frank Lloyd Wright designed an Imperial Hotel.)
AngeWhat is Japan
$5,700
GrahamWhat is Japan?
$5,700
PhyllisWhat is Japan?
$2,901
Japan

Final scores:

Phyllis Ange Graham
$11,501 $11,400 $11,400
Finalist 2nd place: $5,000 3rd place: $5,000

Game dynamics:

Coryat scores:

Phyllis Ange Graham
$8,600 $4,900 $4,600
22 R,
2 W
18 R
(including 1 DD),
3 W
13 R
(including 2 DDs),
3 W

Combined Coryat: $18,100

[game clues] [game scores] [suggest correction]

Game tape date: Unknown
The J! Archive is created by fans, for fans. Scraping, republication, monetization, and malicious use prohibited; this site may use cookies and collect identifying information. See terms. The Jeopardy! game show and all elements thereof, including but not limited to copyright and trademark thereto, are the property of Jeopardy Productions, Inc. and are protected under law. This website is not affiliated with, sponsored by, or operated by Jeopardy Productions, Inc. Join the discussion at JBoard.tv.